|
|
|
|
| LEADER |
00875naa a2200217 i 4500 |
| 001 |
publ38788 |
| 005 |
20260121101256.0 |
| 008 |
260121s2024 hu o 000 hun d |
| 020 |
|
|
|a 9789635039647; 9789635039630
|
| 024 |
7 |
|
|a 35809085
|2 mtmt
|
| 040 |
|
|
|a SZTE Publicatio Repozitórium
|b hun
|
| 041 |
|
|
|a hun
|
| 100 |
1 |
|
|a Keczer Gabriella
|
| 245 |
1 |
0 |
|a Változások menedzselése a felsőoktatási intézményekben
|h [elektronikus dokumentum] /
|c Keczer Gabriella
|
| 260 |
|
|
|a Budapesti Corvinus Egyetem
|b Budapest
|c 2024
|
| 300 |
|
|
|a 34
|
| 300 |
|
|
|a 305-338
|
| 490 |
0 |
|
|a Felsőoktatás-menedzsment kézikönyv
|
| 650 |
|
4 |
|a Oktatástudomány
|
| 856 |
4 |
0 |
|u http://publicatio.bibl.u-szeged.hu/38788/7/KeczerG_35809085.pdf
|z Dokumentum-elérés
|
| 856 |
4 |
0 |
|u http://publicatio.bibl.u-szeged.hu/38788/8/Kov%C3%A1ts%20Gergely_Felsooktatas-menedzsment_kezikonyv_TOC.pdf
|z Dokumentum-elérés
|